[Event "Styrian op U08/12 26th"]
[Site "Mureck"]
[Date "2019.07.31"]
[Round "1"]
[White "Gruenwald, Beat"]
[Black "Hersel, Harald Hieronymus"]
[Result "1/2-1/2"]
[WhiteElo "857"]
[BlackElo "1252"]
[PlyCount "48"]
[EventDate "2019.07.31"]
[EventType "swiss"]
[EventRounds "9"]
[EventCountry "AUT"]
[SourceTitle "EXT 2020"]
[Source "ChessBase"]
[SourceDate "2019.10.17"]
[SourceVersion "1"]
[SourceVersionDate "2019.10.17"]
[SourceQuality "1"]

1. e4 e5 2. Nf3 Bd6 3. Bc4 Nf6 4. Nc3 h6 5. 0-0 a6 6. Re1 Nc6 7. d4 exd4 8. Nxd4 Bb4 9. a3 Bxc3 10. bxc3 Nxd4 11. cxd4 0-0 12. c3 d5 13. Bxd5 Nxd5 14. exd5 Qxd5 15. Bf4 c6 16. Re5 Qc4 17. Rc5 Qe6 18. d5 cxd5 19. Qxd5 Qxd5 20. Rxd5 Be6 21. Rd4 Rfe8 22. Re1 Bf5 23. Rdd1 Bc2 24. Rxe8+ Rxe8 1/2-1/2